Statistics for Top 50 economies

Click here to take the quiz!

General Stats

  • This quiz has been taken 95 times
    (63 since last reset)
  • The average score is 45 of 50

Answer Stats

Hint Answer % Correct
China
98%
Canada
98%
India
98%
Japan
98%
Germany
98%
Russia
98%
Argentina
98%
Australia
98%
United States
98%
United Kingdom
98%
Italy
98%
South Africa
96%
Spain
96%
Mexico
96%
Sweden
96%
Chile
96%
Indonesia
96%
Norway
96%
Brazil
96%
Egypt
94%
Poland
94%
Pakistan
94%
Turkey
94%
Iran
94%
France
94%
Thailand
93%
Peru
93%
Vietnam
93%
Colombia
93%
South Korea
93%
Nigeria
93%
Malaysia
91%
Netherlands
91%
Saudi Arabia
91%
United Arab Emirates
89%
Austria
87%
Ukraine
87%
Belgium
87%
Algeria
87%
Taiwan
85%
Singapore
85%
Switzerland
85%
Venezuela
83%
Czech Republic
81%
Bangladesh
81%
Philippines
78%
Romania
76%
Qatar
74%
Iraq
72%
Kazakhstan
65%

Score Distribution

Percentile by Number Answered

Percent of People with Each Score

Your Score History

You have not taken this quiz since the last reset